| 000 | 00616nam a22002057a 4500 | ||
|---|---|---|---|
| 999 |
_c182659 _d182659 |
||
| 005 | 20211130153337.0 | ||
| 010 | _aENG-130145 | ||
| 020 |
_a978-93-91373-48-1 _c365.00 |
||
| 035 | _aEN-113678 | ||
| 037 | _bDBAD/PUB | ||
| 082 | _a320 | ||
| 100 | _aKumar, C. Ashok. | ||
| 245 |
_aA Text Book on Historical and Political Economy of Education in India _cC. Ashok Kumar |
||
| 250 | _a2021 | ||
| 260 |
_aTamil Nadu _bShanlax Publications _c2021 |
||
| 270 |
_aVasantha Nagar, Madurai _bTamil Nadu |
||
| 300 |
_a243p. _c24cm (hbk) _bReferences |
||
| 700 | _aA. Anand | ||
| 942 |
_2ddc _cEN _h320 _mASH |
||